| 000 | 00484nam a2200157 a 4500 | ||
|---|---|---|---|
| 001 | 000043869 | ||
| 005 | 20201002045021.0 | ||
| 008 | 140507s1993 ve a 000 0 spa d | ||
| 020 | _a9802901040 | ||
| 040 |
_aDO-SdBNP _bspa _cBNPHU |
||
| 100 | 1 |
_aIbañez, Blanca _971747 |
|
| 245 | 1 | 0 |
_aCronicas de la Persecución... / _cBlanca Ibañez; prólogo Morris Sierraalta. |
| 260 |
_aVenezuela, : _bPomaire, _c1993. |
||
| 300 |
_a384 p. : _bil. ; _c21 cm. |
||
| 700 | 1 | 2 |
_aSierraalta, Morris _971748 |
| 999 |
_c43358 _d43358 |
||